Investment for jobs nad growth promoting development and good governance in EU regions and cities : sixth report on economic, social and territorial cohesion

Salvato in:
Dettagli Bibliografici
Ente Autore: European Commission
Natura: Libro
Lingua:inglese
Pubblicazione: Luxembourg Publications Office of the European Union 2014
Serie:Regional and urban policy
Soggetti:
Tags: Aggiungi Tag
Nessun Tag, puoi essere il primo ad aggiungerne!!

MARC

LEADER 00000nam a2200000 4500
001 0193859
005 20240318114437.9
020 |a 978-92-79-35489-2 
041 0 |a eng 
044 |a LU 
245 1 0 |a Investment for jobs nad growth  |b promoting development and good governance in EU regions and cities : sixth report on economic, social and territorial cohesion 
264 1 |a Luxembourg  |b Publications Office of the European Union  |c 2014 
300 |a xxxvi, 295 s. 
490 1 |a Regional and urban policy 
830 0 |a Regional and urban policy 
610 2 0 |a rast hospodársky 
610 2 0 |a politika zamestnanosti 
610 2 0 |a politika regionálna 
610 2 0 |a rozvoj regionálny 
610 2 0 |a politika kohézna 
610 2 0 |a rozvoj trvalo udržateľný 
610 2 0 |a regióny politicko-administratívne 
610 2 0 |a mestá 
610 2 0 |a Európska únia 
610 2 0 |a výdavky verejné 
610 2 0 |a investície verejné 
610 2 0 |a kríza finančná 
610 2 0 |a kríza hospodárska 
610 2 0 |a konkurencieschopnosť 
610 2 0 |a Európska investičná banka 
610 2 0 |a rozvoj sociálny 
610 2 0 |a fondy štruktúrne 
610 2 0 |a fondy investičné 
610 2 0 |a štatistika regionálna 
710 2 |a European Commission